[Event "Club Championships, A Grade"]
[Site "Wellington Chess Club"]
[Date "2018.10.04"]
[Round "3.1"]
[White "Winter, Ryan"]
[Black "Nijman, Brian"]
[Result "1-0"]
[WhiteElo "2129"]
[BlackElo "2162"]

1. e4 c5 2. Nc3 Nc6 3. Bb5 Nd4 4. Bc4 d6 5. Nge2 Nf6 6. d3 g6 7. O-O Bg7 8. Be3
e5 9. h3 Bd7 10. a4 a6 11. f4 b5 12. axb5 axb5 13. Rxa8 Qxa8 14. fxe5 dxe5 15.
Nd5 O-O 16. Nxf6+ Bxf6 17. Bd5 Qd8 18. c3 Bg5 19. Bf2 Nxe2+ 20. Qxe2 Qe7 21.
Kh1 Kg7 22. Bg1 f6 23. Qf2 Rc8 24. Ra1 Rc7 25. Ra8 Be6 26. c4 bxc4 27. dxc4 f5
28. Ra6 Bc8 29. Ra5 fxe4 30. Bxe4 Bh4 31. Qd2 Be6 32. Qe2 Qd6 33. Bh2 Qd4 34.
Bd5 Kf6 35. Ra6 Re7 36. Qf3+ Kg7 37. Rxe6 Rxe6 38. Bxe6 Bf6 39. Bg1 Qxb2 40.
Bxc5 Qb1+ 41. Bg1 e4 42. Qe3 { Black resigns. } 1-0

[Event "Club Championships, A Grade"]
[Site "Wellington Chess Club"]
[Date "2018.10.11"]
[Round "5.1"]
[White "Forster, Bill"]
[Black "Dive, Russell"]
[Result "1/2-1/2"]
[WhiteElo "2011"]
[BlackElo "2424"]

1. d4 Nf6 2. c4 e6 3. Nc3 Bb4 4. e3 (4. Qc2 {Has not been working for me at all
- Black's good development is an immediate advantage whereas White's two
bishops will only mean anything if he plays very accurately for quite a while -
not a good recipe I've found against stronger players} ) 4... c5 5. Ne2 cxd4 6.
exd4 d5 7. c5 O-O (7... Ne4 8. Bd2 $1 {was my last bit of Book knowledge -
acquired in a 30 minute session with John Watson's repertoire book during the
afternoon. I didn't understand the exclam when reading the book - but during
the game I realised the point of the move is to threaten Nxe4} ) 8. a3 Bxc3+ 9.
Nxc3 {This is my first 4.e3 game. In my 1376 game "Dive Database" I see Russell
has 28 games with Black in this line and another 18 with White! The first of
these games go back to 1987. He has played the aforementioned 7...Ne4 three
times and each time 8.Bd2 has been the reply. Basically Russell knows what he
is doing here, and is normally playing people who also know what they're doing
(definitely not the case today!). This is daunting in retrospect. I was very
lucky that play basically went down a path I had studied enough to roll out
some book moves and not burn a lot of time. Additionally, especially after
Black's next I have lucked into a position where it's not hard to find a decent
plan.. } 9... a5 $2 {Played instantly but not really a happy move. Russell has
had this exact position before. In the 1991 NZ Correspondence championship
against correspondence specialist Michael Freeman he played the much better
9....b6 } 10. Bf4 $1 {Latching onto the d6 square}  (10. Bd3 {is natural but
then} 10... Nc6 {comes with tempo} ) 10... Nc6 11. Bb5 Ne4 12. Nxe4 dxe4 13.
Bd6 Ne7 {Black is pretty tied up. I wanted to prevent Bd7 and so Qa4 seemed
appropriate, but I wasn't sure whether that was really an effective spot for
the Queen. After a long think I came up with} 14. f3 exf3 {I was surprised
Russell agrees to this concession, but the computer agrees with his decision}
( {I expected to win a pawn with} 14... f5 15. O-O Bd7 16. Bxd7 Qxd7 17. fxe4
fxe4 18. Qg4 {but sadly the computer tells me that almost every move in that
sequence is nonsense} )  ( {Immediately after releasing the pawn I realised I
should have thought about} 14... Nf5 $5 {which led to full on panic. I hated}
15. Bxf8 Qh4+ 16. g3 Nxg3 {which seems horrible. I adjourned to the gentlemen's
facilities, and whilst indulged there I started thinking about the fact that
this pattern arises often in situations where White can defuse it very
effectively with Nf3 hitting the Queen and so spoiling the potential discovery.
It's a pity I don't have a move to hit the queen. Wait now} 17. Be7 $3 {I am
irrationally proud of this +4.8 (basically I stay a rook up) Stockfish move.
Playing it over the board would have been a "career" highlight. Alas it was not
to be} ) 15. Qxf3 f5 {There don't appear to be any good ways of freeing the
pinned and tied up pieces....}  ( {...but} 15... Bd7 $1 {Is a crazy computer
line, with something like} 16. Qxb7 Nf5 17. Qxd7 Qh4+ 18. Kf1 Rfd8 19. Qc6 Nxd4
{and even more improbable but apparently balanced complications to come} ) 16.
O-O Rf6 17. Bc4 a4 18. Rae1 Kh8 19. d5 Bd7 {White's gorgeous position has
reached it's peak +2.5 ish according to Stockfish. But unfortunately it
requires more manoeuvring and I lose patience } 20. Bxe7 Qxe7 21. d6 Qe8 22.
Bd5 $4 {This looks superficially appealing but it's a disaster}  (22. Qxb7 $1
{(my original intention when I played 19.d5) still wins for White as neither
of the moves I was worried about work - but only because of complicated
tactics.} 22... Bc6 (22... Rb8 23. Qa7 Rxb2 24. Rb1 {is also winning
apparently} ) 23. Qe7 {is winning apparently} ) 22... Qc8 $1 {Every game with
Russell seems to feature one of these "Bugger!" moments} 23. Bxb7 Qxc5+ 24. Kh1
Rb8 25. Rc1 $1 {A lucky good move, played for the wrong reasons} 25... Qb6 $1
{Of course}  (25... Qxd6 $2 26. Rfd1 {Was the only line I considered, I knew
this would give me comp, but actually it's much better than that (White is just
winning)} ) 26. Rc7 $2 {I didn't see the clever justification for 25.Rc1 which
is}  (26. Bc6 $1 {holding the balance} ) 26... Qxd6 {Black is winning and I am
on tilt. Normally this would only mean one thing in a Forster-Dive game, but
surprisingly Russell gives me a reprieve} 27. Rfc1 Rh6 $2 {I was very happy to
see this, it forces me to solve my back rank problem and simultaneously
inhibits Black doing the same. Russell's idea is to bring the rook to d4 but as
he admitted after the game, it's a tempo too slow } 28. h3 Rh4 29. Qc3 $2 (29.
Bc8 $1 {immediately works} ) 29... Rd4 $2 {Black did have time to address the
back rank and retain a winning position, but now} 30. Bc8 $1 {is just 0.00000
Russell used his last 10 minutes here, but then played right down the computer
main line having worked everything out. My understanding wasn't so refined but
fortunately I don't have any more difficult decisions} 30... Bxc8 31. Rxc8+
Rxc8 32. Qxc8+ Qd8 33. Qxe6 Rd1+ 34. Rxd1 Qxd1+ 35. Kh2 g6 36. Qe8+ Kg7 37.
Qe7+ {It would have been nice for him to go into the corner but unfortunately
he wasn't that jetlagged} 37... Kh6 38. Qh4+ Kg7 ( {Should I admit that I when
I first envisaged the move Qh4+ I imagined the follow up would be} 38... Qh5 $4
39. Qxh5+ $4 gxh5 $4 {With a pawn ending that I assessed as equal but is
actually winning for White? Once I got closer I sorted all these blunders out
in my head from last to first - First I had the nasty realisation that Kxh5 was
possible and was winning because my queenside majority is crippled. Next I
realised that fortunately it didn't matter because Qh5 is impossible because it
drops the a4 pawn } ) 39. Qe7+ {The fact that Qh4+ forked the a4 pawn if Black
interposes with the queen caused a moment of confusion here - Wait I can take
the a4 pawn. Damn we are going to be here to 1am as I try to win this thing all
over again - No, don't take that pawn and lose your queen, take the perpetual.
My mind plays cruel tricks at this time of night} 39... Kh6 40. Qh4+ Kg7
1/2-1/2

[Event "Club Championships, A Grade"]
[Site "Wellington Chess Club"]
[Date "2018.10.11"]
[Round "5.1"]
[White "Nijman, Brian"]
[Black "Croad, Nicolas"]
[Result "0-1"]
[WhiteElo "2162"]
[BlackElo "2431"]

1. d4 Nf6 2. c4 e6 3. g3 d5 4. Nf3 dxc4 5. Qc2 Nc6 6. Qxc4 Bd6 7. Bg2 O-O 8.
O-O e5 9. dxe5 Nxe5 10. Qc2 Nxf3+ 11. Bxf3 Bh3 12. Rd1 Rb8 13. Bf4 Qe7 14. Bxd6
cxd6 15. Nc3 Qe5 16. Nd5 Rfc8 17. Nxf6+ Qxf6 18. Qd2 g6 19. Qh6 Be6 20. Rd2 a5
21. Kg2 Qe5 22. Qf4 Rc4 23. Qe3 Rb4 24. Qa3 Rc8 25. Rad1 h5 26. Rxd6 h4 27.
Rd8+ Rxd8 28. Rxd8+ Kh7 29. gxh4 Rxh4 30. Qf8 Qg5+ 31. Kf1 Qc1+ 32. Kg2 Bh3+
33. Kg3 Qf4# 0-1

[Event "Club Championships, A Grade"]
[Site "Wellington Chess Club"]
[Date "2018.10.11"]
[Round "5.1"]
[White "Sellen, Ian"]
[Black "Nyberg, Michael"]
[Result "1/2-1/2"]
[WhiteElo "2041"]
[BlackElo "2114"]

1. d4 Nf6 2. c4 g6 3. Nc3 d5 4. cxd5 Nxd5 5. e4 Nxc3 6. bxc3 Bg7 7. Be3 c5 8.
Bb5+ Bd7 9. Bxd7+ Nxd7 10. Ne2 Qa5 11. O-O O-O 12. Qb3 Qa6 13. Rfe1 Rac8 14.
Rab1 b6 15. Rbd1 Qb7 16. f3 Qa6 17. a4 cxd4 18. cxd4 Rc4 19. Qb5 Qxa4 20. Qxa4
Rxa4 21. Ra1 Rxa1 22. Rxa1 a5 23. Nc3 e6 24. Nb5 Rc8 25. Rc1 Rxc1+ 26. Bxc1 Bf8
27. Kf2 Nb8 28. Ke2 Be7 29. Kd3 Nc6 30. Kc4 a4 31. d5 Na5+ 32. Kc3 exd5 33.
exd5 Kf8 34. d6 Bd8 35. Ba3 Ke8 36. Kd4 Kd7 37. Kd5 Bf6 38. f4 Nb7 39. g4 h6
40. Na7 Nd8 41. f5 gxf5 42. gxf5 Bg5 43. Nb5 Bf4 44. h3 Nb7 45. Bb4 h5 46. Ba3
Bd2 47. Ke5 Bg5 48. Nc3 Na5 49. Kd5 Bd8 50. Nxa4 Nb7 51. Nc3 Bh4 52. Ne4 Na5
53. Bb2 Nc6 54. Bf6 Be1 55. Bg5 Nb4+ 56. Kc4 Kc6 57. Bf4 b5+ 58. Kd4 Nc2+ 59.
Kd3 Nb4+ 60. Kd4 Nc2+ 61. Kd3 Nb4+ 62. Kd4 Nc2+ 63. Kd3 1/2-1/2

[Event "Club Championships, A Grade"]
[Site "Wellington Chess Club"]
[Date "2018.10.11"]
[Round "5.1"]
[White "Timergazi, Layla"]
[Black "Ker, Anthony"]
[Result "0-1"]
[WhiteElo "2157"]
[BlackElo "2485"]

1. d4 Nf6 2. c4 e6 3. Nc3 Bb4 4. g3 c5 5. Nf3 cxd4 6. Nxd4 Ne4 7. Qc2 Qa5 8.
Nb5 a6 9. Qxe4 axb5 10. Bd2 bxc4 11. Qxc4 Nc6 12. Rd1 d5 13. Qg4 O-O 14. a3 e5
15. Qh5 Be7 16. Bg2 d4 17. Nd5 Qd8 18. Nxe7+ Qxe7 19. Bxc6 bxc6 20. O-O c5 21.
Rc1 Ba6 22. b4 c4 23. b5 g6 24. Qh6 Bxb5 25. Bb4 Qe6 26. Bxf8 Rxf8 27. Rb1 Qd5
28. Rb4 c3 29. Rfb1 Bxe2 30. Rb8 Rd8 31. Qg5 Rxb8 32. Rxb8+ Kg7 33. Qe7 c2 34.
Qf8+ Kf6 35. Rb6+ Kg5 36. Qe7+ Kf5 37. Rf6+ Ke4 38. Qc7 Qc4 39. f3+ Kd3 40.
Qxc4+ Kxc4 41. Rc6+ Kd3 42. Kf2 Kd2 0-1

[Event "Club Championships, A Grade"]
[Site "Wellington Chess Club"]
[Date "2018.10.18"]
[Round "4.1"]
[White "Croad, Nicolas"]
[Black "Ker, Anthony"]
[Result "1/2-1/2"]
[WhiteElo "2431"]
[BlackElo "2485"]

1. e4 c5 2. Nf3 g6 3. d4 cxd4 4. Nxd4 Nc6 5. Nc3 Bg7 6. Be3 Nf6 7. Bc4 O-O 8.
Bb3 a5 9. O-O d6 10. Ndb5 b6 11. h3 Ba6 12. a4 Nd7 13. Re1 Nc5 14. Bc4 Bxc3 15.
bxc3 Ne5 16. Bf1 Qd7 17. c4 Qc6 18. Bh6 Rfc8 19. f4 Ned7 20. Bd3 Ne6 21. f5
Nec5 22. Bg5 f6 23. Bf4 Ne5 24. Re3 Ncd7 25. Nd4 Qb7 26. Rg3 Kf7 27. fxg6+ hxg6
28. Nf5 Bxc4 29. Nh6+ Ke8 30. Ng4 Qc6 31. Bxe5 dxe5 32. Ne3 Bxd3 33. cxd3 Qc5
34. Kh2 Nf8 35. Rb1 Rab8 36. Nd5 Kf7 37. Qg4 Rc6 38. h4 Qc2 39. Rf1 Qd2 40. h5
Qh6 41. Rh3 Rb7 42. d4 exd4 43. e5 Rd7 44. exf6 Rxd5 45. fxe7+ Kxe7 46. Qe4+
Kd6 47. Rf6+ Kc7 48. hxg6 Qxh3+ 49. gxh3 Rxf6 50. Qxd5 Nxg6 51. Qxd4 Rd6 52.
Qc4+ Kb7 53. h4 Nxh4 54. Qxh4 Rd7 55. Qe4+ Kc7 56. Kg3 Rd6 57. Qe5 Kd7 58. Kf4
Rc6 59. Qb5 Kc7 60. Qd5 Rc5 61. Qf7+ Kb8 62. Ke4 Ka8 63. Kd4 Kb8 64. Qd7 Ka8
65. Qd6 1/2-1/2

[Event "Club Championships, A Grade"]
[Site "Wellington Chess Club"]
[Date "2018.10.18"]
[Round "4.1"]
[White "Forster, Bill"]
[Black "Winter, Ryan"]
[Result "1-0"]
[WhiteElo "2011"]
[BlackElo "2129"]

1. d4 d5 2. c4 c6 3. Nf3 Nf6 4. Nc3 e6 5. Bg5 h6 6. Bh4 dxc4 7. e4 g5 8. Bg3 b5
9. Be2 Bb7 10. O-O Nbd7 11. d5 Bg7 12. dxe6 fxe6 13. Qd6 Qe7 14. Nd4 Qxd6 15.
Bxd6 Kf7 16. e5 Ne8 17. Bh5+ Kg8 18. Nxe6 Bxe5 19. Bxe5 Nxe5 20. f4 Nf6 21.
fxe5 Nxh5 22. g4 Nf4 23. Nxf4 gxf4 24. Rxf4 Re8 25. Raf1 Bc8 26. Ne4 Rxe5 27.
Rf8+ Kg7 28. R1f7+ Kg6 29. Rf6+ Kg7 30. R8f7+ Kg8 31. Nd6 Re6 32. Nxc8 Rxf6 33.
Rxf6 Kg7 34. Rxc6 Rd8 35. Nd6 1-0

[Event "Club Championships, A Grade"]
[Site "Wellington Chess Club"]
[Date "2018.10.18"]
[Round "4.1"]
[White "Sellen, Ian"]
[Black "Dive, Russell"]
[Result "0-1"]
[WhiteElo "2041"]
[BlackElo "2424"]

1. c4 e5 2. Nc3 Nc6 3. g3 g6 4. Bg2 Bg7 5. Nf3 f5 6. d3 d6 7. Be3 h6 8. h4 Nf6
9. Qc1 Ng4 10. Bh3 Nxe3 11. Qxe3 O-O 12. Qd2 Qe8 13. O-O-O Qf7 14. Rdg1 e4 15.
Ne1 Ne5 16. f4 exf3 17. Nxf3 Kh7 18. Kb1 c6 19. Rf1 Qe7 20. Ne1 a6 21. e4 fxe4
22. Rxf8 Bxf8 23. Bxc8 Rxc8 24. Nxe4 b5 25. c5 dxc5 26. Rf1 Bg7 27. Qe3 Rf8 28.
Rf4 Rxf4 29. gxf4 Ng4 30. Qxc5 Qxh4 31. Nf3 Qh1+ 32. Ng1 Qg2 33. Nc3 Nf2 34.
Nge2 Nxd3 35. Qe7 Nxf4 0-1

[Event "Club Championships, A Grade"]
[Site "Wellington Chess Club"]
[Date "2018.10.18"]
[Round "4.1"]
[White "Timergazi, Layla"]
[Black "Laking, Robert"]
[Result "1-0"]
[WhiteElo "2157"]
[BlackElo "2014"]

1. d4 d5 2. c4 c6 3. Nc3 Nf6 4. e3 Bf5 5. Qb3 Qb6 6. Qxb6 axb6 7. cxd5 Nxd5 8.
Nxd5 cxd5 9. Bd2 Nc6 10. Nf3 f6 11. Bb5 Bc2 12. a4 Kf7 13. O-O Na5 14. Bxa5
bxa5 15. Rfc1 Bf5 16. Rc7 Rb8 17. Nd2 g5 18. Nb3 b6 19. Bc6 Ke6 20. Rc1 Bd3 21.
Bd7+ Kf7 22. R1c6 b5 23. Nc1 Bg6 24. axb5 Rxb5 25. b3 h5 26. Ra6 Rb8 27. Be6+
Kg7 28. Rxa5 Bf7 29. Bxf7 Kxf7 30. Raa7 f5 31. Kf1 Rh6 32. Ke2 Rhb6 33. Rc3 Kf6
34. Kd1 e5 35. dxe5+ Kxe5 36. Kc2 Ke6 37. Nd3 Bg7 38. Rxg7 1-0

[Event "Club Championships, A Grade"]
[Site "Wellington Chess Club"]
[Date "2018.10.25"]
[Round "6.1"]
[White "Dive, Russell"]
[Black "Winter, Ryan"]
[Result "1/2-1/2"]
[WhiteElo "2424"]
[BlackElo "2129"]

1. Nf3 d5 2. d4 Nf6 3. c4 e6 4. Nc3 { D37 Queen's Gambit Declined: Three
Knights Variation } 4... Be7 5. cxd5 exd5 6. Bf4 c6 7. Qc2 O-O 8. e3 Re8 9. Bd3
Nbd7 10. O-O Nf8 11. h3 Ne6 12. Be5 g6 13. a3 Ng7 14. b4 a6 15. Na4 Bd6 16.
Rfc1 Bxe5 17. Nxe5 Bf5 18. Nc5 Qe7 19. a4 Bxd3 20. Qxd3 Ne6 21. Nxe6 Qxe6 22.
Rab1 Ne4 23. b5 axb5 24. axb5 c5 25. f3 cxd4 26. exd4 Nd6 27. Rc7 Rac8 28. b6
Nc4 29. Rxb7 Nxe5 30. dxe5 Qxe5 31. Rd7 Rc3 32. Qd1 Rb8 33. b7 Rc7 34. Rxc7
Qxc7 35. Qxd5 Qf4 36. Qc6 Qe3+ 37. Kh1 Qe5 38. Qd7 Kg7 39. Qc6 h5 40. Qb6 Kg8
41. Rd1 Kg7 42. Qb4 Kg8 43. f4 Qc7 44. Rb1 Kh7 45. Qe4 Qd7 46. Rb6 Qd1+ 47. Kh2
Qd8 48. Qc6 Kg7 49. Qc3+ Kh7 50. Qb3 Qc7 51. Rb4 Kg8 52. Kg1 Qc1+ 53. Kh2 Qc7
54. Qb1 Kh7 55. Kh1 Kg8 56. f5 Kh7 57. fxg6+ fxg6 58. Rb6 Qf7 59. Qe4 Qf1+ 60.
Kh2 Qf7 61. Rb1 Qc7+ 62. Kh1 Qf7 63. Qc6 Qe7 64. Qc8 Qd6 65. Rf1 Kg7 66. Qc3+
Kh6 67. Qe3+ Kg7 68. Qc3+ Kh6 69. Rf7 Re8 70. Qc1+ g5 71. h4 Kg6 72. Rc7 Qe5
73. Rc6+ Kg7 74. Qxg5+ Qxg5 75. hxg5 Re1+ 76. Kh2 Rb1 77. Rc7+ Kg6 78. Kg3 Rb4
79. Kf3 Kxg5 80. Ke3 Kf5 81. Kd3 Ke5 82. Kc3 Rb1 83. Kc4 Kd6 84. Rh7 h4 85.
Rh6+ Ke5 86. Rh5+ Kd6 87. Rb5 Rxb5 88. Kxb5 Kc7 89. Kc5 Kxb7 90. Kd6 Kc8 91.
Ke7 Kc7 92. Kf6 Kd6 93. Kf5 h3 94. gxh3 Ke7 95. Kg6 Kf8 96. Kh7 Kf7 97. h4 Kf8
98. h5 Kf7 99. h6 Kf8 100. Kg6 Kg8 101. h7+ Kh8 102. Kh6 { Draw by stalemate. }
1/2-1/2

[Event "Club Championships, A Grade"]
[Site "Wellington Chess Club"]
[Date "2018.10.25"]
[Round "6.1"]
[White "Ker, Anthony"]
[Black "Forster, Bill"]
[Result "1-0"]
[WhiteElo "2485"]
[BlackElo "2011"]

1. e4 c5 2. c3 Qa5 {In my 1200 plus game Ker database, I am the only player who
has ever tried this before (it didn't go very well). I am also the only player
to have tried 2...e5, another sideline that's worth a crack Nigel I think. But
I've tried that one several times before and know that Anthony will play it
like a Kings Gambit with a very early (sometimes immediate) f4, a dangerous
plan.} 3. g3 {I wasted half the afternoon studying other things, I didn't think
this was Anthony's style.} 3... Nc6 4. Bg2 g6 {Oh well I will just adopt a
standard 'Botvinnik' type setup} 5. Ne2 Bg7 6. O-O e5 7. Na3 Nge7 8. Nc4 Qc7 9.
a4 d6 10. f4 Be6 11. Ne3 f5 12. Nd5 Qd7 {I've taken three moves instead of one
to get to d7, but then Anthony has taken four moves instead of two to get to
d5. So I half expected to find database games for this position, or one of the
ones we reach in the next few moves. (But I didn't).} 13. d3 O-O 14. Be3 Bf7 $2
{Unnecessary. I couldn't see a plan - but Anthony and the comp both tell me I
was absolutely equal here} 15. Nxe7+ Nxe7 16. fxe5 Bxe5 17. d4 cxd4 18. Bxd4
Qc7 19. Qd2 Rae8 20. Be3 Be6 21. Nd4 Bc4 22. Rfe1 a6 23. Bh6 Bg7 24. Bxg7 Kxg7
25. exf5 Nxf5 26. Nxf5+ gxf5 {I assumed I had messed this up and White would
just grab the f pawn and win eventually. The computer agrees but Anthony
thought for ages, presumably worried about some Qb6+ type counterplay } 27. Kh1
$2 Re5 {I could play this quickly as during the long wait for execution I had
the thought that if I just had a spare tempo (brother can you spare a tempo?) I
could play Re5 and be fine. } 28. Rad1 Bb3 {For a while now I come right back
into the game, my pieces get active, I get good central control or at least
presence, I win a pawn and the computer eval momentarily at least swings in my
favour. But the second half of the game was played with very little time,
especially for me, and ultimately.... well you'll see} 29. Ra1 Qe7 30. Qd4 Kg8
31. Rf1 Rc8 32. a5 Rcc5 33. Rf2 Rxa5 {(=). My current position on this (it
changes regularly) is that a draw against a much stronger player is a *result*,
and there's no shame in asking (and possibly receiving) when you feel you are
better, especially if you have the "no time" excuse available. As far as I
could tell I was just a pawn up. Later Anthony told me he wasn't really tempted
- he thought the pawn was hopefully irrelevant and he had a lot of hopes
invested in a g4! plan - something I admit I never even considered. He said if
the clock positions were reversed (so 2 minutes for him and 10 for me) he might
have thought differently.} 34. Raf1 Rac5 35. Rf4 Bd5 36. Bxd5+ Rcxd5 37. Qc4
Kg7 38. g4 Rd2 39. gxf5 Kf6 40. Rh4 Qg7 41. Rg4 Qh6 42. Rg2 (42. Rg6+ $3 {Would
have been amazing - There's no shame in missing this even for a very strong
player. Both Black's rooks are protected and all three major pieces are very
active, and the Black king is neither isolated nor cornered. But with the 'f'
file cleared, White's two major pieces suddenly co-ordinate perfectly and a one
tempo initiative is all that's needed for them to dance around and force mate}
42... hxg6 43. fxg6+ Kxg6 44. Qf7+ Kg5 45. Rg1+ Kh4 46. Qc4+ {and Black can
choose whether to resign or jettison free pieces just to block the checks and
postpone mate for a few moves.} ) 42... Rxg2 43. Kxg2 Qd2+ 44. Kg1 Qg5+ $4 (
44... Qe3+ $1 {This is what I was looking for - the fog of late night,
increment only stupidity descends on me and ruins my chess yet again} 45. Kh1
Qe4+ 46. Qxe4 Rxe4 {And Black can press for a win (but in reality would
*probably* been able to make a draw:-)} ) 45. Kh1 Qe3 $2 {I think the fact that
I played this move now probably means I meant to play it with check earlier,
but somehow got confused. Even in the light of day I can't untangle the
confused non-thoughts of last night. I do know for sure that I didn't see a
check for White and that I hate my life} 46. Qh4+ {Doh!} 46... Qg5 47. Qxh7 Re2
( {if} 47... Rxf5 {White can swap everything and win with his h pawn - although
I admit I didn't see that} ) 48. Qh8+ Qg7 49. Qh4+ Qg5 50. Qd4+ Ke7 51. f6+ Kf7
52. Qc4+ Re6 53. Qc7+ Kf8 54. Qb8+ Kf7 55. Qxb7+ Kf8 56. Qb8+ Kf7 57. Qc7+ Kf8
58. Qd8+ Kf7 59. Qd7+ 1-0

[Event "Club Championships, A Grade"]
[Site "Wellington Chess Club"]
[Date "2018.10.25"]
[Round "6.1"]
[White "Laking, Robert"]
[Black "Nijman, Brian"]
[Result "0-1"]
[WhiteElo "2014"]
[BlackElo "2162"]

1. d4 Nf6 2. c4 e5 3. dxe5 Ne4 4. Nd2 Bb4 5. Nf3 Nc6 6. e3 a5 7. a3 Bxd2+ 8.
Bxd2 O-O 9. Bd3 Nxd2 10. Qxd2 Qe7 11. Qc3 Re8 12. e6 fxe6 13. h4 e5 14. Be4 d6
15. Ng5 g6 16. Qd3 Rf8 17. Nxh7 {?} 17... Qxh7 18. Bxg6 Qh6 19. g4 Bxg4 20. Rg1
Qxh4 $4 (20... Bf3 $1 $19) 21. Bf5 Kf7 22. Qd5+ (22. Rxg4 {!} 22... Qf6 23. Rg6
Qh4 24. Qd5+ Ke8 25. Re6+ Ne7 26. Qb5+ Kf7 27. Qd7 Kg8 28. Rxe7 Rxf5 29. Qxf5
Qxe7 30. O-O-O $16) 22... Ke8 23. Qe6+ Qe7 24. Rxg4 Qxe6 25. Bxe6 Nd8 26. Bd5
c6 27. Bg2 Ne6 $10 28. Rd1 Rd8 29. Ke2 Ke7 30. Rh1 Rh8 31. Rgh4 Rxh4 32. Rxh4
Rg8 33. Rh7+ Rg7 34. Rxg7+ Nxg7 35. b4 axb4 36. axb4 Ne8 37. Kd3 Nc7 38. f4 Na6
39. Kc3 Kf6 40. Kb3 exf4 41. exf4 Nc7 42. Bh3 Ne6 43. Ka4 b6 44. Bg2 c5 45. Be4
Nxf4 46. Kb5 Ke5 47. Kxb6 cxb4 48. Bh7 $4 (48. Bb1 Kd4 49. Kb5 Kc3 50. c5 dxc5
51. Kxc5 b3 52. Kb5 Nd3 53. Ka4 Nb2+ 54. Ka3 Nc4+ 55. Ka4 b2 56. Bg6 $10) 48...
Kd4 49. Kb5 Kc3 50. Bb1 b3 51. Kc6 Kxc4 52. Kxd6 Nd3 53. Kc6 Nb4+ 54. Kb6 Nc2
55. Ka5 (55. Ka6 Kc3 56. Ka5 Na3 57. Bg6 b2 58. Kb6 Nc2) 55... Kc3 56. Kb5 (56.
Ka4 Kb2) 56... Na3+ 0-1